000 00580nam a2200169 a 4500
001 000035560
005 20200930074431.0
008 111103s1979 mx 000 0 spa d
020 _a9686046623
040 _aDO-SdBNP
_bspa
_cBNPHU
082 _axxx
_bS642e
100 1 _aSmith, Theodore A.
_961461
245 1 0 _aEstrategia dinámica en los negocios :
_bEl arte de planear para lograr el éxito /
_cTheodore A. Smith ; traducción Julio Coro Pando.
260 _aMéxico :
_bMcGraw-Hill,
_c1979.
300 _a227 p. :
_bdiagrs. ;
_c23 cm.
700 1 _aCoro Pando, Julio,
_etr.
_961462
999 _c35051
_d35051